Story of American freedom (Record no. 3705)
[ view plain ]
| 000 -LEADER | |
|---|---|
| fixed length control field | 00514nam a2200193Ia 4500 |
| 020 ## - INTERNATIONAL STANDARD BOOK NUMBER | |
| ISBN | 0-393-31962-8 |
| 082 ## - DEWEY DECIMAL CLASSIFICATION NUMBER | |
| Classification number | 323.440973 FON-; |
| 100 ## - MAIN ENTRY--AUTHOR NAME | |
| Personal name | Foner, Eric |
| 245 #0 - TITLE STATEMENT | |
| Title | Story of American freedom |
| 260 ## - PUBLICATION, DISTRIBUTION, ETC. (IMPRINT) | |
| Place of publication | New York |
| Name of publisher | W.W. Norton & Company |
| Year of publication | 1998 |
| 300 ## - PHYSICAL DESCRIPTION | |
| Number of Pages | xxii; 422p. |
| 504 ## - BIBLIOGRAPHY, ETC. NOTE | |
| Bibliography, etc | Includes index |
| 650 ## - SUBJECT ADDED ENTRY--TOPICAL TERM | |
| Topical Term | Liberty |
| 650 ## - SUBJECT ADDED ENTRY--TOPICAL TERM | |
| Topical Term | Human rights - United States |
| 650 ## - SUBJECT ADDED ENTRY--TOPICAL TERM | |
| Topical Term | Democracy - United States |
| 650 ## - SUBJECT ADDED ENTRY--TOPICAL TERM | |
| Topical Term | United States - History |
| 650 ## - SUBJECT ADDED ENTRY--TOPICAL TERM | |
| Topical Term | Civil rights - United States |
| 942 ## - ADDED ENTRY ELEMENTS (KOHA) | |
| Koha item type | Books |
| Withdrawn status | Lost status | Damaged status | Not for loan | Home library | Current library | Date acquired | Source of acquisition | Bill Date | Full call number | Accession Number | Price effective from | Koha item type |
|---|---|---|---|---|---|---|---|---|---|---|---|---|
| NASSDOC Library | NASSDOC Library | 30/09/2004 | Gifted by : American Centre Library | 2004-08-25 | 323.440973 FON-; | 40008 | 18/04/2019 | Books |
